Mano de obra, Diamela Eltit : adaptación para teatro /

El director y actor Alfredo Castro, construye una brillante adaptación para teatro de la novela homónima de la escritora Diamela Eltit, Mano de obra. En la puesta en Escena de Mano de obra el texto impulsa a utilizar como estrategia narrativa LO TEATRAL, EL EXCESO, LA REPRESENTACIÓN, pero privada de...

Descripción completa

Detalles Bibliográficos
Autor principal: Castro, Alfredo
Otros Autores: Olea, Raquel
Formato: Libro
Lenguaje:español
Publicado: Santiago Cuarto Propio 2007
Edición:1a. ed.
Materias:
Acceso en línea:

MARC

LEADER 00000cam a2200000 a 4500
001 028143
003 UAHC_CL
005 20170803122909.0
008 151014b2007 cl 000 spa
020 |a 9789562603973 
040 |a UAHC_CL  |c UAHC_CL  |d UAHC_CL 
082 0 4 |a Ch862  |b C355  |2 21 
100 1 |a Castro, Alfredo 
245 1 0 |a Mano de obra, Diamela Eltit :  |b adaptación para teatro /  |c Alfredo Castro ; prólogo y presentación de Raquel Olea. 
250 |a 1a. ed. 
260 |b Cuarto Propio  |a Santiago  |c 2007 
300 |a 78 p. 
520 |a El director y actor Alfredo Castro, construye una brillante adaptación para teatro de la novela homónima de la escritora Diamela Eltit, Mano de obra. En la puesta en Escena de Mano de obra el texto impulsa a utilizar como estrategia narrativa LO TEATRAL, EL EXCESO, LA REPRESENTACIÓN, pero privada de su origen sagrado o ritual, íntimo y confesional, sino excediendo su naturaleza, es decir representando esa Realidad cruda y violenta, pero sin que esta dejara de ser representación, esa era la trampa, esa la paradoja. 
650 4 |a ADAPTACIONES TEATRALES 
650 4 |a DRAMAS CHILENOS 
653 |a ACTUACION TEATRAL 
700 1 |a Olea, Raquel 
900 |a Ch862 CAS 
942 |c BK 
952 |0 0  |1 0  |4 0  |6 CH_862_000000000000000_CAS  |7 0  |8 General  |9 55793  |a BS  |b BS  |c General  |d 2017-08-03  |l 4  |m 3  |o Ch862 CAS  |p 1430466  |r 2025-11-26 00:00:00  |s 2025-04-23  |t 1  |w 2017-08-03  |y BK 
999 |c 28143  |d 28143